000 00440nam a2200145Ia 4500
008 221007s9999 xx 000 0 und d
041 _aeng
082 _bDEE
100 _aDeepika Ghosh - 2k151080; Dr. Jyoti Gaikwad - Guide & Allied Analytics
_9105122
245 _aMarket Research On Consumer Good At Allied Analytics Llp
260 _c2015
_bSavitribai Phule Pune University
_aPune
300 _a64p
440 _v1
906 _bGeneral
999 _c80022
_d80022